[Event "CAN op"]
[Site "Hamilton CAN"]
[Date "2022.07.16"]
[Round "8.59"]
[White "He, Emma"]
[Black "Faizy, Mohammed"]
[Result "1-0"]
[WhiteElo "1903"]
[BlackElo "1503"]
[PlyCount "95"]
[EventDate "2022.07.12"]
[EventType "swiss"]
[EventRounds "9"]
[EventCountry "CAN"]

1. e4 c5 2. Nf3 e6 3. c3 d5 4. exd5 Qxd5 5. d4 Nf6 6. Na3 Nc6 7. Be3 cxd4 8.
Nb5 Qd8 9. Nbxd4 Bd7 10. Bd3 a6 11. O-O Qc7 12. Re1 Bd6 13. h3 O-O 14. Ng5 Ne5
15. Ne4 Nxe4 16. Bxe4 Nc4 17. Bc1 Rad8 18. Qc2 f5 19. Bd3 Rde8 20. Bxc4 Qxc4
21. b3 Qc7 22. Bb2 e5 23. Nf3 Bc6 24. Qe2 Kh8 25. c4 e4 26. Nd4 f4 27. Nxc6
Qxc6 28. Qg4 Rf7 29. Bd4 Bc5 30. Qh5 Bxd4 31. Qxf7 Bxa1 32. Rxa1 e3 33. Qxf4 e2
34. Re1 Qd7 35. f3 Qe7 36. Qd4 h6 37. Kf2 a5 38. c5 h5 39. a3 h4 40. b4 a4 41.
Qd2 Rd8 42. Qxe2 Qg5 43. Rd1 Rf8 44. Qe4 Qf6 45. Rd4 g5 46. Rd6 Qb2+ 47. Qe2
Qg7 48. Qd2 1-0

[Event "CAN op"]
[Site "Hamilton CAN"]
[Date "2022.07.16"]
[Round "8.60"]
[White "Mutyalapati, Modith Aaroh"]
[Black "Laughlin, Braden"]
[Result "0-1"]
[WhiteElo "1688"]
[BlackElo "1896"]
[PlyCount "106"]
[EventDate "2022.07.12"]
[EventType "swiss"]
[EventRounds "9"]
[EventCountry "CAN"]

1. e4 c5 2. Nf3 d6 3. d4 cxd4 4. Nxd4 Nf6 5. Nc3 Nc6 6. Bc4 Qb6 7. Be3 Qxb2 8.
Ndb5 Qb4 9. Qd2 Qxc4 10. Nc7+ Kd8 11. Nxa8 b5 12. e5 Ne8 13. exd6 exd6 14. Nd5
Bb7 15. Bxa7 Bxa8 16. Bb6+ Kc8 17. Be3 Kb8 18. Nb6 Qb4 19. c3 Qg4 20. f3 Qh4+
21. g3 Qh5 22. Nxa8 Kxa8 23. a4 bxa4 24. Rxa4+ Kb7 25. Qb2+ Kc7 26. Qb6+ Kd7
27. Qb7+ Nc7 28. Ra8 Ne7 29. O-O Qd5 30. Ra7 Qxb7 31. Rxb7 Nc8 32. Rfb1 Be7 33.
Rb8 Re8 34. R1b7 Bf6 35. Bb6 Nxb6 36. Rxc7+ Kxc7 37. Rxe8 Bxc3 38. Re7+ Nd7 39.
Rxf7 Bf6 40. g4 Kd8 41. g5 Ke8 42. Rxd7 Bd4+ 43. Kf1 Kxd7 44. Ke2 Ke6 45. Kd3
Ba7 46. h4 g6 47. Ke4 d5+ 48. Kf4 Bf2 49. h5 gxh5 50. g6 hxg6 51. Kg5 Be3+ 52.
f4 d4 53. Kh4 Bxf4 0-1

[Event "CAN op"]
[Site "Hamilton CAN"]
[Date "2022.07.16"]
[Round "8.61"]
[White "Deshpande, Sarthak"]
[Black "Wu, Jonathan"]
[Result "1/2-1/2"]
[WhiteElo "1595"]
[BlackElo "1891"]
[PlyCount "77"]
[EventDate "2022.07.12"]
[EventType "swiss"]
[EventRounds "9"]
[EventCountry "CAN"]

1. d4 Nf6 2. c4 g6 3. Nc3 d5 4. cxd5 Nxd5 5. Bd2 Bg7 6. e4 Nxc3 7. Bxc3 O-O 8.
Qd2 Nd7 9. Nf3 b6 10. Bd3 e6 11. O-O Bb7 12. Bc2 c5 13. Rfe1 Rc8 14. Rad1 Nf6
15. dxc5 Qxd2 16. Rxd2 bxc5 17. Bxf6 Bxf6 18. e5 Bg7 19. Rd7 Rb8 20. b3 a5 21.
Be4 Bxe4 22. Rxe4 Rb4 23. Rxb4 cxb4 24. g3 Rc8 25. Rd2 Bh6 26. Re2 Rd8 27. Rc2
Rd5 28. Re2 Kg7 29. Ne1 Bd2 30. Nc2 Bc3 31. f4 Rd1+ 32. Kg2 Rd5 33. Ne3 Rd4 34.
Nc4 a4 35. Kf3 axb3 36. axb3 Rd1 37. Re3 Rb1 38. Na5 Ra1 39. Nc4 1/2-1/2

[Event "CAN op"]
[Site "Hamilton CAN"]
[Date "2022.07.16"]
[Round "8.62"]
[White "Latreille, Etienne"]
[Black "Qian, Jessica"]
[Result "1/2-1/2"]
[WhiteElo "1888"]
[BlackElo "1532"]
[PlyCount "91"]
[EventDate "2022.07.12"]
[EventType "swiss"]
[EventRounds "9"]
[EventCountry "CAN"]

1. e4 e5 2. Nf3 Nc6 3. Bc4 Nf6 4. d3 Bc5 5. c3 d6 6. a4 a5 7. O-O h6 8. Re1 O-O
9. Bb3 Kh8 10. d4 Bb6 11. h3 Qe8 12. Bc2 Nh7 13. Na3 f6 14. Nc4 Ba7 15. Be3 Ng5
16. dxe5 Nxf3+ 17. Qxf3 fxe5 18. Qg3 Bxe3 19. Nxe3 Be6 20. Nd5 Qf7 21. Rad1 Qd7
22. Qh4 Rf7 23. Ne3 Rf4 24. Qh5 Raf8 25. Nf5 Bxf5 26. exf5 Qe7 27. g3 Rc4 28.
Qe2 Rc5 29. Qe4 Qf6 30. Re3 Ne7 31. g4 g6 32. b4 gxf5 33. gxf5 axb4 34. cxb4
Rg8+ 35. Kh1 Rc6 36. Bb1 Rg5 37. f4 Rxf5 38. Rg1 d5 39. fxe5 dxe4 40. exf6
Rfxf6 41. Rxe4 Rce6 42. Rge1 Rxe4 43. Bxe4 Re6 44. Kg1 Nd5 45. Rd1 Rxe4 46.
Rxd5 1/2-1/2

[Event "CAN op"]
[Site "Hamilton CAN"]
[Date "2022.07.16"]
[Round "8.63"]
[White "Nicholson, Devin"]
[Black "Yang, Henry"]
[Result "1-0"]
[WhiteElo "1545"]
[BlackElo "1863"]
[PlyCount "77"]
[EventDate "2022.07.12"]
[EventType "swiss"]
[EventRounds "9"]
[EventCountry "CAN"]

1. c4 e6 2. g3 d5 3. d4 Nf6 4. Nf3 Be7 5. Bg2 O-O 6. O-O c6 7. Nbd2 Nbd7 8. Qc2
b6 9. e4 dxe4 10. Nxe4 Nxe4 11. Qxe4 Nf6 12. Qxc6 Bd7 13. Qb7 Rb8 14. Qa6 Bc6
15. Bf4 Ra8 16. Rfd1 Nd7 17. Ne5 Bxg2 18. Kxg2 Nxe5 19. Bxe5 f6 20. Bf4 g5 21.
Be3 g4 22. Qb7 f5 23. d5 e5 24. d6 Bf6 25. Qd5+ Kh8 26. b4 Re8 27. c5 f4 28.
gxf4 exf4 29. Bd4 f3+ 30. Kg1 bxc5 31. bxc5 Rc8 32. d7 Rg8 33. Bxf6+ Qxf6 34.
dxc8=Q Rxc8 35. Qd4 Qxd4 36. Rxd4 Rxc5 37. Rxg4 h5 38. Rg3 Rc3 39. h4 1-0

[Event "CAN op"]
[Site "Hamilton CAN"]
[Date "2022.07.16"]
[Round "8.67"]
[White "Campbell, Brett"]
[Black "Sharpe, Michael"]
[Result "1-0"]
[WhiteElo "2189"]
[BlackElo "1519"]
[PlyCount "83"]
[EventDate "2022.07.12"]
[EventType "swiss"]
[EventRounds "9"]
[EventCountry "CAN"]

1. Nf3 Nf6 2. c4 c6 3. b3 g6 4. Bb2 Bg7 5. e3 O-O 6. d4 d5 7. Nbd2 Bg4 8. Be2
Nbd7 9. O-O Bxf3 10. Bxf3 e6 11. Ba3 Re8 12. Bd6 e5 13. Re1 e4 14. Be2 Nf8 15.
c5 Ne6 16. b4 b5 17. a4 a6 18. Nb3 Qd7 19. Ra3 Ra7 20. Qc2 Rea8 21. Rea1 Ne8
22. Bg3 bxa4 23. Rxa4 N8c7 24. Na5 Nd8 25. Nb3 Rb7 26. Bxc7 Qxc7 27. Bxa6 Rba7
28. b5 cxb5 29. Bxb5 Rxa4 30. Rxa4 Rxa4 31. Bxa4 Nc6 32. Qc3 Bf6 33. Bxc6 Qxc6
34. Qa5 Kg7 35. h3 Qc8 36. Qb5 Bd8 37. c6 Qf5 38. Qb8 Bh4 39. Qe5+ Qxe5 40.
dxe5 Bd8 41. Nd4 Kf8 42. Nb5 1-0

[Event "CAN op"]
[Site "Hamilton CAN"]
[Date "2022.07.16"]
[Round "8.68"]
[White "Pickard, Ryan"]
[Black "Chepelev, Ivan"]
[Result "1/2-1/2"]
[WhiteElo "1920"]
[BlackElo "1377"]
[PlyCount "76"]
[EventDate "2022.07.12"]
[EventType "swiss"]
[EventRounds "9"]
[EventCountry "CAN"]

1. e4 c5 2. d4 cxd4 3. c3 dxc3 4. Nxc3 d6 5. Nf3 Nc6 6. Bc4 e6 7. O-O Nf6 8.
Qe2 Be7 9. Rd1 Qa5 10. Bd2 Qh5 11. Nb5 O-O 12. Bc3 Rd8 13. Nxd6 Rxd6 14. Rxd6
Bxd6 15. e5 Nxe5 16. Nxe5 Qxe2 17. Bxe2 Nd5 18. Bd4 b6 19. Nc4 Bf4 20. g3 Bg5
21. Nd6 Bd7 22. Ne4 Be7 23. Rc1 Rc8 24. Rxc8+ Bxc8 25. a3 f6 26. Nc3 Nxc3 27.
Bxc3 e5 28. Kf1 Kf7 29. Ke1 Bc5 30. b4 Bd4 31. Bxd4 exd4 32. Bd3 a6 33. Kd2 h6
34. Bc4+ Ke7 35. Kd3 b5 36. Bb3 Be6 37. Bxe6 Kxe6 38. Kxd4 Kd6 1/2-1/2

[Event "CAN op"]
[Site "Hamilton CAN"]
[Date "2022.07.16"]
[Round "8.69"]
[White "Zhong, Ryan Yunhui"]
[Black "Finlay, Ian"]
[Result "0-1"]
[WhiteElo "1480"]
[BlackElo "1914"]
[PlyCount "112"]
[EventDate "2022.07.12"]
[EventType "swiss"]
[EventRounds "9"]
[EventCountry "CAN"]

1. d4 Nf6 2. c4 g6 3. Nc3 Bg7 4. e4 d6 5. f3 O-O 6. Be3 Nbd7 7. Bd3 c5 8. d5 a6
9. Nge2 Rb8 10. O-O Ne5 11. h3 b5 12. cxb5 c4 13. Bc2 axb5 14. Nd4 b4 15. f4
bxc3 16. fxe5 cxb2 17. exf6 bxa1=Q 18. Qxa1 Bxf6 19. Rxf6 e5 20. Nc6 Qxf6 21.
Nxb8 Bxh3 22. Nc6 Bg4 23. Qf1 Qh4 24. Bf2 Qg5 25. Qe1 Bf3 26. Bg3 Bg4 27. Bh4
Qf4 28. Qf2 Qxf2+ 29. Kxf2 f6 30. a4 g5 31. Bg3 Kf7 32. a5 h5 33. Ke3 Bc8 34.
Be1 h4 35. Bb4 g4 36. Kf2 g3+ 37. Kg1 Rh8 38. Bxd6 h3 39. gxh3 Rxh3 40. Nd8+
Ke8 41. Ne6 Rh2 42. Ba4+ Kf7 43. Nd8+ Kg6 44. Bb4 Ra2 45. Be8+ Kg5 46. Ne6+ Kg4
47. Be1 Ra1 48. Bg6 Rxe1+ 49. Kg2 Re2+ 50. Kg1 c3 51. Nc5 c2 52. Nb3 Re1+ 53.
Kg2 c1=Q 54. Nxc1 Rxc1 55. Be8 Rc2+ 56. Kg1 Kh3 0-1

[Event "CAN op"]
[Site "Hamilton CAN"]
[Date "2022.07.16"]
[Round "8.70"]
[White "Gutierrez, Matias"]
[Black "Baylon, Glenda"]
[Result "0-1"]
[WhiteElo "1477"]
[BlackElo "1899"]
[PlyCount "106"]
[EventDate "2022.07.12"]
[EventType "swiss"]
[EventRounds "9"]
[EventCountry "CAN"]

1. d4 Nf6 2. c4 g6 3. Nc3 Bg7 4. e4 d6 5. h3 Nbd7 6. Be3 O-O 7. Bd3 c5 8. d5
Ne5 9. Nf3 Nxf3+ 10. Qxf3 e6 11. Rd1 Nd7 12. O-O Ne5 13. Qg3 Qe7 14. f4 Nxd3
15. Rxd3 exd5 16. exd5 Bf5 17. Rd2 Rfe8 18. Nd1 a6 19. Re1 b5 20. b3 bxc4 21.
bxc4 Qe4 22. Bf2 Qxc4 23. Rxe8+ Rxe8 24. Ne3 Qe4 25. Nxf5 Qxf5 26. Qg4 Qxg4 27.
hxg4 Rb8 28. g5 Rb2 29. Rxb2 Bxb2 30. Be1 Kf8 31. Kf1 Ke7 32. Ke2 f6 33. Kd3
fxg5 34. fxg5 Bc1 35. Bd2 Bxd2 36. Kxd2 Kd7 37. Kc3 Kc7 38. Kb3 Kb6 39. Ka4 c4
40. Kb4 c3 41. Kxc3 Kc5 42. g3 Kxd5 43. Kd3 Ke5 44. a4 d5 45. a5 d4 46. Kd2 Ke4
47. Kc2 d3+ 48. Kd2 Kd4 49. g4 Ke4 50. Kd1 Kf4 51. Kd2 Kxg4 52. Kxd3 Kxg5 53.
Kd4 h5 0-1

[Event "CAN op"]
[Site "Hamilton CAN"]
[Date "2022.07.16"]
[Round "8.71"]
[White "Wu, Benjamin"]
[Black "Mullur, Neerav"]
[Result "0-1"]
[WhiteElo "1870"]
[BlackElo "1459"]
[PlyCount "48"]
[EventDate "2022.07.12"]
[EventType "swiss"]
[EventRounds "9"]
[EventCountry "CAN"]

1. e4 e5 2. Nf3 Nc6 3. Bb5 f5 4. d3 fxe4 5. dxe4 Nf6 6. O-O Bc5 7. Bxc6 bxc6 8.
Nxe5 O-O 9. Nc3 Qe8 10. Nd3 Bb6 11. Qe2 d6 12. Be3 Bxe3 13. Qxe3 Ng4 14. Qg3
Rf6 15. f3 Ne3 16. Rfc1 Rg6 17. Qf4 Nxg2 18. Qd2 Nh4+ 19. Kh1 Nxf3 20. Qf2 Rf6
21. Rf1 Bh3 22. Rfd1 Qh5 23. Qe2 Bg4 24. Qg2 Rh6 0-1

[Event "CAN op"]
[Site "Hamilton CAN"]
[Date "2022.07.16"]
[Round "8.72"]
[White "Mok, Erwin"]
[Black "Buscar, Bernard"]
[Result "1-0"]
[WhiteElo "1468"]
[BlackElo "1789"]
[PlyCount "72"]
[EventDate "2022.07.12"]
[EventType "swiss"]
[EventRounds "9"]
[EventCountry "CAN"]

1. d4 Nf6 2. c4 g6 3. f3 Bg7 4. e4 d6 5. Nc3 O-O 6. Be3 Na6 7. Qd2 c5 8. d5 Re8
9. O-O-O Bd7 10. g4 Qa5 11. h4 Nb4 12. Kb1 Bxg4 13. a3 Bxf3 14. Nxf3 Ng4 15.
axb4 cxb4 16. Na2 Nxe3 17. Qxe3 Qa4 18. Qd2 b3 19. Nc3 Qa5 20. Nd4 Bxd4 21.
Qxd4 b5 22. cxb5 Rec8 23. Qa4 Qb6 24. Qxb3 Qe3 25. Qc2 Rc5 26. Qe2 Qf4 27. Bg2
Qe5 28. Rh3 Rac8 29. Qf3 Rc4 30. Qg3 Qf6 31. Qg5 Qg7 32. Qxe7 Rd4 33. Rhd3 Rb4
34. Qxd6 a5 35. b6 Rcc4 36. R1d2 Qh6 1-0

[Event "CAN op"]
[Site "Hamilton CAN"]
[Date "2022.07.16"]
[Round "8.73"]
[White "Cater, Brendan"]
[Black "Zhu, Isabelle"]
[Result "1/2-1/2"]
[WhiteElo "1860"]
[BlackElo "1179"]
[PlyCount "81"]
[EventDate "2022.07.12"]
[EventType "swiss"]
[EventRounds "9"]
[EventCountry "CAN"]

1. e4 e6 2. d4 d5 3. e5 c5 4. c3 Nc6 5. Nf3 Bd7 6. Bd3 Qb6 7. O-O cxd4 8. Nbd2
Rc8 9. Nb3 Nge7 10. Nbxd4 Nxd4 11. Nxd4 Ng6 12. Qe2 Be7 13. f4 Nh4 14. Be3 Qd8
15. Qg4 g6 16. Rae1 Nf5 17. Bxf5 exf5 18. Qh3 a6 19. e6 fxe6 20. Nxe6 Bxe6 21.
Bd4 Kf7 22. Qe3 Qd7 23. Qe5 Rhg8 24. Re3 Qd6 25. Rfe1 Qxe5 26. Rxe5 Rc6 27.
R5e2 Re8 28. Kf1 Bc5 29. g3 Bxd4 30. cxd4 Rc7 31. Kf2 Rc4 32. Rd2 b5 33. Re5
Rc6 34. a3 Rec8 35. Ke3 Rc2 36. Kd3 Rxd2+ 37. Kxd2 Ke7 38. b3 Kd6 39. Re1 a5
40. Kd3 a4 41. b4 1/2-1/2

[Event "CAN op"]
[Site "Hamilton CAN"]
[Date "2022.07.16"]
[Round "8.74"]
[White "Kearnan, Daniel"]
[Black "Narula, Japveer"]
[Result "1-0"]
[WhiteElo "1769"]
[BlackElo "1326"]
[PlyCount "99"]
[EventDate "2022.07.12"]
[EventType "swiss"]
[EventRounds "9"]
[EventCountry "CAN"]

1. d4 Nf6 2. Bf4 d5 3. e3 Bf5 4. Nf3 c5 5. Nbd2 Nc6 6. dxc5 Qa5 7. Nd4 Qxc5 8.
Nxf5 e5 9. Bg5 h6 10. Bxf6 gxf6 11. Nb3 Qb6 12. Qxd5 Rc8 13. Bb5 a6 14. Bxc6+
Rxc6 15. Rd1 Qc7 16. c3 Be7 17. O-O Qd8 18. Qxc6+ bxc6 19. Rxd8+ Bxd8 20. Nc5
a5 21. Rd1 O-O 22. Nxh6+ Kg7 23. Nf5+ Kg6 24. e4 Bb6 25. Nd7 Rd8 26. Ne7+ Kg7
27. Nxc6 Rc8 28. Nxb6 Rxc6 29. Nd5 Rd6 30. Ne3 Rb6 31. b3 a4 32. b4 Rb5 33. Rd5
Rb6 34. Ra5 Rc6 35. c4 Rb6 36. Rxa4 Kf8 37. Ra8+ Ke7 38. Nd5+ Kd7 39. Nxb6+ Kc7
40. c5 Kb7 41. Rf8 Kc6 42. Rxf7 f5 43. Rf6+ Kb5 44. Rxf5 Kxb4 45. c6 Ka3 46. c7
Kb2 47. c8=Q Ka1 48. Qc3+ Kxa2 49. Nc4 Kb1 50. Qb2# 1-0

[Event "CAN op"]
[Site "Hamilton CAN"]
[Date "2022.07.16"]
[Round "8.75"]
[White "Zabor, Josh"]
[Black "Moran-Venegas, Mario"]
[Result "1/2-1/2"]
[WhiteElo "1467"]
[BlackElo "1754"]
[PlyCount "90"]
[EventDate "2022.07.12"]
[EventType "swiss"]
[EventRounds "9"]
[EventCountry "CAN"]

1. d4 Nf6 2. c4 c6 3. Nc3 d5 4. Nf3 e6 5. Bg5 Be7 6. e3 Nbd7 7. Be2 h6 8. Bh4
O-O 9. O-O a6 10. c5 Re8 11. b4 Bf8 12. Ne5 Qc7 13. f4 Be7 14. Qc2 Ne4 15. Nxe4
Bxh4 16. Nd6 Rf8 17. Bh5 Nxe5 18. fxe5 f5 19. Bg6 Bd7 20. a4 Bg5 21. Qd2 b6 22.
g3 bxc5 23. bxc5 Rab8 24. Rab1 Rxb1 25. Rxb1 Rb8 26. Rxb8+ Qxb8 27. Qe2 a5 28.
Kg2 Be7 29. g4 Bxd6 30. exd6 Qd8 31. Kg3 fxg4 32. Qxg4 e5 33. Qh4 Qf6 34. Qxf6
gxf6 35. dxe5 fxe5 36. e4 d4 37. Bf5 Bxf5 38. exf5 Kf7 39. Kf3 d3 40. Ke3 e4
41. Kd2 Kf6 42. h4 h5 43. Ke3 Kf7 44. Kd2 Kf6 45. Ke3 Kf7 1/2-1/2

[Event "CAN op"]
[Site "Hamilton CAN"]
[Date "2022.07.16"]
[Round "8.76"]
[White "Zaka, Mohid"]
[Black "Deshpande, Nevin"]
[Result "0-1"]
[WhiteElo "1749"]
[BlackElo "1322"]
[PlyCount "64"]
[EventDate "2022.07.12"]
[EventType "swiss"]
[EventRounds "9"]
[EventCountry "CAN"]

1. d4 Nf6 2. Nf3 g6 3. e3 Bg7 4. Be2 O-O 5. O-O b6 6. b3 Bb7 7. Bb2 d6 8. c4
Nbd7 9. d5 e5 10. Nc3 Nc5 11. Kh1 Nfe4 12. Nd2 Nxd2 13. Qxd2 f5 14. f4 Qe7 15.
Rad1 a5 16. Bd3 Rae8 17. Rfe1 Qh4 18. g3 Qd8 19. Bf1 Rf7 20. Bg2 Rfe7 21. Ba1
e4 22. Nb5 Bxa1 23. Rxa1 Nd3 24. Rg1 c6 25. dxc6 Bxc6 26. Nd4 Bb7 27. Bf1 Qd7
28. h3 d5 29. cxd5 Qxd5 30. g4 Qxd4 31. gxf5 Qxa1 32. Bxd3 exd3+ 0-1

[Event "CAN op"]
[Site "Hamilton CAN"]
[Date "2022.07.16"]
[Round "8.77"]
[White "Li, Justin"]
[Black "Sen, Arya"]
[Result "1-0"]
[WhiteElo "1424"]
[BlackElo "1745"]
[PlyCount "101"]
[EventDate "2022.07.12"]
[EventType "swiss"]
[EventRounds "9"]
[EventCountry "CAN"]

1. d4 Nf6 2. Nf3 g6 3. Bf4 Bg7 4. e3 c5 5. c3 cxd4 6. cxd4 Nc6 7. Nc3 d5 8. Bd3
Nh5 9. Bg5 h6 10. Bh4 g5 11. Bg3 Nxg3 12. hxg3 Bg4 13. Qd2 Rc8 14. O-O a6 15.
Rac1 e6 16. Nh2 Bf5 17. Bxf5 exf5 18. Nf3 h5 19. Qc2 g4 20. Nh4 f4 21. exf4
Nxd4 22. Rfe1+ Kf8 23. Qd3 Qd7 24. Ne2 Nxe2+ 25. Qxe2 Rxc1 26. Rxc1 Rh6 27. b3
Re6 28. Qd3 Rc6 29. Rxc6 Qxc6 30. Qf5 Qe6 31. Qxh5 Qe1+ 32. Kh2 Qxf2 33. Qxd5
Qb6 34. Nf5 Bf6 35. Qd6+ Qxd6 36. Nxd6 b5 37. Nf5 Bg7 38. Ne3 Ke7 39. Nxg4 Kd6
40. Ne3 Kc5 41. Nc2 a5 42. Kg1 Kd5 43. Kf2 Ke4 44. Ke2 f5 45. Na3 b4 46. Nc4
Kd4 47. Nxa5 Kc3 48. Nc4 Bf8 49. Ne3 Kb2 50. Kd3 Kxa2 51. Kc4 1-0

[Event "CAN op"]
[Site "Hamilton CAN"]
[Date "2022.07.16"]
[Round "8.78"]
[White "Suresh, Pavan"]
[Black "Belanger, Colton"]
[Result "0-1"]
[WhiteElo "1413"]
[BlackElo "1725"]
[PlyCount "122"]
[EventDate "2022.07.12"]
[EventType "swiss"]
[EventRounds "9"]
[EventCountry "CAN"]

1. e4 d6 2. d4 Nf6 3. Nc3 Nbd7 4. Nf3 e5 5. dxe5 dxe5 6. Bc4 Bb4 7. Bg5 Bxc3+
8. bxc3 O-O 9. O-O c6 10. Re1 Qa5 11. Qd2 Qc5 12. Bb3 a5 13. a3 a4 14. Ba2 Qe7
15. h3 Re8 16. Qe2 Nf8 17. Nh2 h6 18. Bxf6 Qxf6 19. Qf3 Qe7 20. Rad1 Be6 21.
Bxe6 Nxe6 22. Rb1 Nf4 23. Qe3 Qxa3 24. Rxb7 Qa2 25. Qc1 Qc4 26. Qe3 a3 27. Ra1
a2 28. Ra7 c5 29. Rxa8 Rxa8 30. Nf3 Rb8 31. Nd2 Qa4 32. Qxc5 Qxc2 33. Qxe5 Rb1+
34. Rxb1 axb1=Q+ 35. Nxb1 Qxb1+ 36. Kh2 Ne2 37. h4 Qg1+ 38. Kh3 Qh1+ 39. Qh2
Qxh2+ 40. Kxh2 Nxc3 41. f3 Kh7 42. Kg3 Kg6 43. Kg4 Kf6 44. Kf4 Ne2+ 45. Ke3 Ng3
46. Kf2 Nh5 47. Ke3 Ke5 48. g4 Nf4 49. h5 Ne6 50. Kf2 Kf4 51. Kg2 Ng5 52. e5
Nxf3 53. g5 Nxg5 54. Kf2 Kxe5 55. Kg3 f5 56. Kf2 f4 57. Ke2 f3+ 58. Ke3 Kf5 59.
Kf2 Kg4 60. Kg1 Kg3 61. Kf1 f2 0-1

[Event "CAN op"]
[Site "Hamilton CAN"]
[Date "2022.07.16"]
[Round "8.79"]
[White "Jiang, William"]
[Black "Hettigama, Thusitha"]
[Result "1-0"]
[WhiteElo "1380"]
[BlackElo "1711"]
[PlyCount "71"]
[EventDate "2022.07.12"]
[EventType "swiss"]
[EventRounds "9"]
[EventCountry "CAN"]

1. e4 c5 2. Nc3 Nc6 3. g3 g6 4. Bg2 Bg7 5. d3 e6 6. Be3 d6 7. Qd2 a6 8. Nf3
Nge7 9. Bh6 O-O 10. h4 f5 11. h5 f4 12. Bxf4 Nd4 13. Nxd4 Bxd4 14. Be3 Bg7 15.
Bh6 Rf7 16. hxg6 Nxg6 17. O-O-O Ra7 18. f4 b5 19. f5 Ne5 20. Bh3 exf5 21. exf5
Bxf5 22. Bxg7 Kxg7 23. Bxf5 Rxf5 24. Qh6+ Kh8 25. Ne4 d5 26. Nxc5 Ng4 27. Qe6
Qg5+ 28. Kb1 Raf7 29. Rde1 d4 30. Ne4 Qg7 31. Nd6 R7f6 32. Qe8+ Rf8 33. Nxf5
Rxe8 34. Rxe8+ Qg8 35. Rxg8+ Kxg8 36. Nh6+ 1-0

[Event "CAN op"]
[Site "Hamilton CAN"]
[Date "2022.07.16"]
[Round "8.80"]
[White "Jizan, Masoud"]
[Black "Buchatsky, Joseph"]
[Result "1-0"]
[WhiteElo "1694"]
[BlackElo "1256"]
[PlyCount "33"]
[EventDate "2022.07.12"]
[EventType "swiss"]
[EventRounds "9"]
[EventCountry "CAN"]

1. d4 d5 2. c4 c6 3. Nc3 Nf6 4. e3 e6 5. Nf3 Bd6 6. Bd3 Nbd7 7. Bd2 dxc4 8.
Bxc4 e5 9. Qc2 O-O 10. O-O-O b5 11. Bd3 Bb7 12. Ng5 h6 13. h4 b4 14. Nce4 Be7
15. Nxf6+ Bxf6 16. Bxb4 Re8 17. Bh7+ 1-0

[Event "CAN op"]
[Site "Hamilton CAN"]
[Date "2022.07.16"]
[Round "8.81"]
[White "Garel, Rick"]
[Black "Liu, Sean"]
[Result "1/2-1/2"]
[WhiteElo "1688"]
[BlackElo "1208"]
[PlyCount "59"]
[EventDate "2022.07.12"]
[EventType "swiss"]
[EventRounds "9"]
[EventCountry "CAN"]

1. e4 c5 2. Nc3 Nc6 3. d3 g6 4. g3 Bg7 5. Bg2 Nf6 6. Nge2 e5 7. O-O d6 8. f4
exf4 9. Nxf4 Ng4 10. Nce2 O-O 11. c3 h5 12. h3 Nge5 13. d4 cxd4 14. cxd4 Nc4
15. b3 Nb6 16. Bb2 Ne7 17. Rc1 d5 18. e5 Nf5 19. Ba3 Ne3 20. Qd3 Nxf1 21. Bxf8
Bf5 22. Qb5 Qxf8 23. Kxf1 Bd7 24. Qa5 Be6 25. Nxd5 Nxd5 26. Bxd5 b6 27. Qb5 a6
28. Qc6 Rc8 29. Qb7 Rb8 30. Qc6 1/2-1/2

[Event "CAN op"]
[Site "Hamilton CAN"]
[Date "2022.07.16"]
[Round "8.82"]
[White "Zhang, James"]
[Black "Chhatralia, Bhavik"]
[Result "1-0"]
[WhiteElo "1362"]
[BlackElo "1683"]
[PlyCount "135"]
[EventDate "2022.07.12"]
[EventType "swiss"]
[EventRounds "9"]
[EventCountry "CAN"]

1. e4 e5 2. Nf3 Nc6 3. d4 exd4 4. Nxd4 Bc5 5. Nb3 Bb6 6. Nc3 d6 7. Qe2 Nge7 8.
Be3 O-O 9. O-O-O Be6 10. f3 Re8 11. g4 Ne5 12. Qf2 a5 13. a4 Bxe3+ 14. Qxe3 c6
15. h4 Nc8 16. g5 Qb6 17. Qxb6 Nxb6 18. f4 Bxb3 19. cxb3 Ng4 20. Rd2 d5 21. Bh3
d4 22. Rxd4 c5 23. Rd2 h5 24. Bxg4 hxg4 25. Rg1 Rad8 26. Rxg4 c4 27. Rxd8 Rxd8
28. bxc4 Nxc4 29. Nd5 Re8 30. f5 Ne5 31. Rg3 Nc4 32. Nc3 Nd6 33. Rg4 Nc4 34. h5
Rd8 35. Nd5 Re8 36. h6 Ne5 37. Rg3 Nc4 38. hxg7 Kxg7 39. Nf6 Rd8 40. Rh3 Ne5
41. Rh7+ Kf8 42. Rh8+ Ke7 43. Rxd8 Kxd8 44. Kc2 Kc7 45. Kc3 Nf3 46. Nd5+ Kd6
47. g6 fxg6 48. fxg6 Ke6 49. Ne3 Ne5 50. g7 Kf7 51. Nf5 Nc6 52. Kc4 Ne5+ 53.
Kd5 Nd3 54. e5 Nf4+ 55. Kc5 Nd3+ 56. Kd6 Nf4 57. e6+ Nxe6 58. Nh6+ Kxg7 59.
Kxe6 Kxh6 60. Kd6 Kg6 61. Kc7 Kf6 62. Kxb7 Ke6 63. Kb6 Kd5 64. Kxa5 Kc5 65. b4+
Kc6 66. Ka6 Kc7 67. Ka7 Kc6 68. b5+ 1-0

[Event "CAN op"]
[Site "Hamilton CAN"]
[Date "2022.07.16"]
[Round "8.83"]
[White "Hartman, Liam"]
[Black "Zhang, Raymond Tangning"]
[Result "1-0"]
[WhiteElo "1268"]
[BlackElo "1682"]
[PlyCount "67"]
[EventDate "2022.07.12"]
[EventType "swiss"]
[EventRounds "9"]
[EventCountry "CAN"]

1. d4 e6 2. c4 Nf6 3. Nc3 Bb4 4. Bg5 d5 5. e3 c6 6. Qb3 Bd6 7. Nf3 Nbd7 8. Be2
Qb6 9. c5 Qxb3 10. axb3 Bb8 11. b4 e5 12. dxe5 Nxe5 13. Bxf6 gxf6 14. O-O Rg8
15. Kh1 Nxf3 16. Bxf3 Bg4 17. b5 Bxf3 18. gxf3 Be5 19. bxc6 bxc6 20. Ra6 Kd7
21. Rfa1 Rgb8 22. Rxa7+ Rxa7 23. Rxa7+ Ke6 24. Na4 d4 25. f4 dxe3 26. fxe3 Bxb2
27. Rc7 Bc1 28. Rxc6+ Kd7 29. Rc7+ Ke8 30. Nb6 Bxe3 31. Nd5 Rb1+ 32. Kg2 Bd4
33. c6 Rc1 34. Rc8# 1-0

[Event "CAN op"]
[Site "Hamilton CAN"]
[Date "2022.07.16"]
[Round "8.84"]
[White "Dennahower, Michael"]
[Black "Eiserloh, Clement"]
[Result "1/2-1/2"]
[WhiteElo "1281"]
[BlackElo "1678"]
[PlyCount "112"]
[EventDate "2022.07.12"]
[EventType "swiss"]
[EventRounds "9"]
[EventCountry "CAN"]

1. e4 c5 2. Nf3 Nc6 3. d4 cxd4 4. Nxd4 e5 5. Nf3 Nf6 6. Bg5 Bc5 7. Bxf6 Qxf6 8.
c3 O-O 9. Bc4 d6 10. Nbd2 Be6 11. Bxe6 Qxe6 12. O-O Rad8 13. Qc2 d5 14. exd5
Rxd5 15. Rad1 Rfd8 16. Ne4 Rxd1 17. Rxd1 Rxd1+ 18. Qxd1 Be7 19. Qb1 h6 20. h3
f5 21. Ned2 e4 22. Nd4 Nxd4 23. cxd4 Qd5 24. Nb3 a5 25. Qd1 a4 26. Nc1 b5 27.
b3 a3 28. Ne2 Bf6 29. Qd2 Kf7 30. Qc3 Qd6 31. g3 g5 32. Qd2 Bd8 33. Qc1 Bb6 34.
Qc3 f4 35. gxf4 gxf4 36. f3 b4 37. Qc4+ Kg7 38. Kf2 e3+ 39. Kf1 Qf6 40. Qc8
Bxd4 41. Qd7+ Kg6 42. Qxd4 Qh4 43. Qd6+ Kh7 44. Qd7+ Kh8 45. Qc8+ Kh7 46. Qf5+
Kg8 47. Qd5+ Kh8 48. Qe5+ Kh7 49. Qe4+ Kh8 50. Qa8+ Kh7 51. Qa7+ Kh8 52. Qb8+
Kh7 53. Qc7+ Kh8 54. Qc8+ Kh7 55. Qd7+ Kh8 56. Qe8+ Kh7 1/2-1/2

[Event "CAN op"]
[Site "Hamilton CAN"]
[Date "2022.07.16"]
[Round "8.85"]
[White "Holmgren, Emilian"]
[Black "Jiang, David"]
[Result "1/2-1/2"]
[WhiteElo "1226"]
[BlackElo "1678"]
[PlyCount "60"]
[EventDate "2022.07.12"]
[EventType "swiss"]
[EventRounds "9"]
[EventCountry "CAN"]

1. e4 c5 2. Nf3 e6 3. Be2 Nc6 4. O-O Nf6 5. Nc3 Be7 6. d4 cxd4 7. Nxd4 O-O 8.
Bf4 d5 9. exd5 Nxd5 10. Nxd5 exd5 11. Nb5 Be6 12. Nc7 Rc8 13. Nxe6 fxe6 14. Bg3
Qb6 15. Bg4 Nd4 16. c3 Nf5 17. Qe2 Rce8 18. Rfe1 Nxg3 19. Qxe6+ Qxe6 20. Bxe6+
Kh8 21. hxg3 Bc5 22. Re2 Rxf2 23. Rxf2 Rxe6 24. Kf1 Bxf2 25. Kxf2 Kg8 26. Rd1
Rd6 27. Ke3 Kf7 28. Kd4 Ke6 29. Re1+ Kf6 30. Re5 Re6 1/2-1/2